IT - ob`jekt, sredstvo, instrument obučenija (sverchbystraja obratnaja svjaz` - sredstvo povyšenija kačestva obučenija)
Informačné technológie ako objekt, prostriedok a nástroj vzdelávania. Význam spätnej väzby vo vzdelávaní. Motivácia a rýchla spätná väzba. Informačná úloha spätnej väzby. Nová kvalita - nová metodika.
Uložené v:
| Hlavný autor: | |
|---|---|
| Médium: | Kapitola |
| Jazyk: | Russian |
| Predmet: | |
| Tagy: |
Žiadne tagy, Buďte prvý, kto otaguje tento záznam!
|
MARC
| LEADER | 00000naa$a2200000$$$4500 | ||
|---|---|---|---|
| 001 | 0250154 | ||
| 005 | 20240502083714.1 | ||
| 041 | 0 | |a rus | |
| 044 | |a RU | ||
| 245 | 1 | 0 | |a IT - ob`jekt, sredstvo, instrument obučenija (sverchbystraja obratnaja svjaz` - sredstvo povyšenija kačestva obučenija) |c Ja. Kultan |
| 520 | |a Informačné technológie ako objekt, prostriedok a nástroj vzdelávania. Význam spätnej väzby vo vzdelávaní. Motivácia a rýchla spätná väzba. Informačná úloha spätnej väzby. Nová kvalita - nová metodika. | ||
| 610 | 2 | 0 | |a vzdelávanie |
| 610 | 2 | 0 | |a vyučovanie |
| 610 | 2 | 0 | |a technológie informačné |
| 610 | 2 | 0 | |a technológie komunikačné |
| 610 | 2 | 0 | |a študenti |
| 610 | 2 | 0 | |a učitelia |
| 610 | 2 | 0 | |a motivácia |
| 610 | 2 | 0 | |a väzba spätná |
| 610 | 2 | 0 | |a kvalita vzdelávania |
| 100 | 1 | |a Kultan, Jaroslav, 1960- | |